01158 a2200181 45000010006000000050017000060080041000230030015000640400040000790800052001192450097001710200018002682640053002863000019003395050589003580410008009471000021009555991820260407155852.0260407a1995 arg spa dAR-UNSa-BCEJYS aAR-UNSa-BCEJYSbspacAR-UNSa-BCEJYS a342xDerecho constitucional (Derecho Público)10aConstitución y control del poderpIntroducción a una teoría constitucional del control a950-9385-29-8 1aBuenos Aires :bEdiciones Ciudad Argentinac1995 a205 p.c20 cm. a1. Introducción: Sobre la necesidad de una teoría del control "constitucionalmente adecuada" - 2. El control como elemento inseparable del concepto de constitución – 3. Los problemas conceptuales del control: controles sociales, políticos y jurídicos – 4. El control jurisdiccional como paradigma del control jurídico – 5. Características del control político. Sus diferencias con el control jurídico y el control social – 6. A modo de ejemplo: el control parlamentario como control político – 7. El papel del derecho en las diversas clases de control -  aspa1 aAragón, Manuel